000 00897nam a2200193 i 4500
001 150765
003 ES-MaACL
005 20250703063114.0
007 t|
008 071108m18651877gw ||||1| ger d
100 1 _aFischer, Kuno,
_d1824-1907
_951003
245 1 0 _aGeschichte der neuern Philosophie /
_cvon Kuno Fischer.
250 _aZweite völlig umgearbeitete auflage.
260 _aMannheim :
_bFriedrich Bassermann,
_c1865-1877.
300 _a6 t. en 6 v. ;
_c21 cm.
505 8 _aContiene: T. 1. Descartes und seine Schule.- 2 vols. -- T. 2. Leibniz und seine Schule.- XL, 884 p. -- T. 3. Kant's Vernunftkritik und deren Entstehung.- XXXII, 638 p. -- T. 4. Kant's Enstem der seinem Bernunft.- XX, 666 p. -- T. 5. Fichte uns seine Borgèanger.- IX, 1084 p. -- T. 6. Friedrich Wilhelm Joseph Schelling.- 2 vols.
852 _aES-MaACL
_jG-1198-205
999 _c150765
_d150765